| 000 | 00774nam a2200181 a 4500 | ||
|---|---|---|---|
| 001 | 000041554 | ||
| 005 | 20201002035633.0 | ||
| 008 | 131011s1990 sp a 000 0 spa d | ||
| 020 | _a8400070933 | ||
| 040 |
_aDO-SdBNP _bsp _cBNPHU |
||
| 082 |
_axxx _bK622t |
||
| 245 | 0 | 0 |
_aKitâb fî tartîb awqât al-girâsa wa-l-magrûsât : _bun tratado agrícola andalusí anónimo / _cedición, traducción y estudio con glosario de Angel C. López y López. |
| 260 |
_aGranada : _bConsejo Superior de Investigaciones Científicas, _bEscuela de Estudios Árabes, _c1990. |
||
| 300 |
_a410 p. : _bil., ; _c24 cm. |
||
| 500 | _aIncluye referencias bibliográficas y notas al pie de las páginas. | ||
| 504 | _aBibliografía: p. 395-410 | ||
| 700 | 1 | 2 |
_aLópez y López, Ángel C. _eed. _968295 |
| 999 |
_c41044 _d41044 |
||